000
00341nam a22001457a 4500
008
221024b ||||| |||| 00| 0 eng d
020
_a
9780721658353
041
_a
eng
080
_2
9TH EDITION
_a
612.39
082
_a
612.39 MAH
100
_a
16.2
101
_a
NUTRI
245
_a
FOOD NUTRITION DIET THERAPY
_c
MAHAN K
942
_2
udc
_c
BK
999
_c
58665
_d
58665